| 000 | 00642nam a2200229Ia 4500 | ||
|---|---|---|---|
| 008 | 160418s9999 xx 000 0 und d | ||
| 020 | _a971-92981-4-6 | ||
| 050 | _aFIL GV 708 | ||
| 050 | _b.I53 2004 | ||
| 245 | _aIndividual dual sports : | ||
| 245 | _bP. E. 3 / | ||
| 245 | _cDoris D. Tulio… [et al] | ||
| 260 | _aMandaluyong: | ||
| 260 | _bGoodwill Tradaing Co., Inc., | ||
| 260 | _c2004 | ||
| 300 | _a75 pages : | ||
| 300 | _billustrations ; | ||
| 300 | _c25 cm. | ||
| 650 | _aIndividual sports. | ||
| 650 | _aPhysical fitness -- Study and teaching. | ||
| 650 | _xPhysical education and training -- Study and teaching. | ||
| 999 |
_c293376 _d293376 |
||